Capital Cities on Islands - Without Clues - Statistics

General Stats
  • This quiz has been taken 62 times
    15 since last reset
  • The average score is 36 of 48
Answer Stats
Capital City % Correct
Kingston
100%
Kingstown
100%
Dublin
92%
Jakarta
92%
London
92%
Manila
92%
Nassau
92%
Reykjavík
92%
Santo Domingo
92%
Singapore
92%
Taipei
92%
Tokyo
92%
Wellington
92%
Antananarivo
85%
Bridgetown
85%
Havana
85%
Nicosia
85%
Port au Prince
85%
Port Moresby
85%
São Tomé
85%
Castries
77%
Moroni
77%
Port of Spain
77%
Sri Jayawardenepura Kotte
77%
St George's
77%
St John's
77%
Valletta
77%
Apia
69%
Copenhagen
69%
Funafuti
69%
Port Louis
69%
Praia
69%
Roseau
69%
Victoria
69%
Honiara
62%
Manama
62%
Ngerulmud
62%
Suva
62%
Yaren
62%
Bandar Seri Begawan
54%
Basseterre
54%
Dili
54%
Majuro
54%
Malé
54%
Nukuʻalofa
54%
Port Vila
54%
Tarawa
54%
Palikir
46%
No matching quizzes found
Score Distribution
Percent of People with Each Score
Percentile by Number Answered
Your Score History
You have not taken this quiz since the last reset